[Event "Polar Capital Jersey op"]
[Site "St Helier"]
[Date "2018.04.07"]
[Round "9.19"]
[White "Held, Thomas"]
[Black "Safarian, Alek"]
[Result "1/2-1/2"]
[WhiteElo "2056"]
[BlackElo "2024"]
[PlyCount "114"]
[EventDate "2018.03.31"]
[EventType "swiss"]
[EventRounds "9"]
[EventCountry "JCI"]

1. e4 c5 2. Nf3 d6 3. Bb5+ Bd7 4. c4 Nf6 5. Nc3 g6 6. d4 Bxb5 7. cxb5 cxd4 8.
Qxd4 Bg7 9. O-O O-O 10. Rd1 Ng4 11. Qd3 Nd7 12. h3 Nge5 13. Nxe5 Nxe5 14. Qe2
Rc8 15. Be3 Nc4 16. Bd4 Bh6 17. b3 Nb6 18. e5 Re8 19. Qf3 d5 20. Bxb6 Qxb6 21.
Rxd5 Qc7 22. Ne4 Bg7 23. Qg3 Qc2 24. Qd3 Qxd3 25. Rxd3 Bxe5 26. Rad1 Rc7 27.
Nd2 Kg7 28. Nc4 Bf6 29. Kf1 Rec8 30. Rd8 Rxd8 31. Rxd8 b6 32. Ke2 e6 33. Rd6
Kf8 34. Rc6 Rd7 35. a4 Bd8 36. Ne5 Rd5 37. f4 Bf6 38. Rc8+ Rd8 39. Rxd8+ Bxd8
40. Nc6 Bc7 41. Kf3 Ke8 42. Nxa7 Kd7 43. Nc6 Kd6 44. Ke4 Kc5 45. g3 h6 46. Ne5
f5+ 47. Kd3 Bxe5 48. fxe5 g5 49. Ke3 Kd5 50. h4 Kc5 51. hxg5 hxg5 52. Kd3 g4
53. Ke3 Kd5 54. Kf4 Kc5 55. Ke3 Kd5 56. Kf4 Kc5 57. Kg5 Kd5 1/2-1/2